Lego Pieces by Name in 1 Minute - Statistics

General Stats
  • This quiz has been taken 73 times
  • The average score is 10 of 12
Answer Stats
Picture Hint Answer % Correct
Door
94%
Minecraft ____ Sword
94%
Minecraft ____ Bow
92%
Brick
92%
Minecraft ____ Head
92%
Cape
88%
Minecraft ____ Helmet
86%
Stud
86%
Baseplate
80%
Plate
74%
Tile
72%
Jumper
60%
No matching quizzes found
Score Distribution
Percent of People with Each Score
Percentile by Number Answered
Your Score History
You have not taken this quiz